Spell the Avenger #6 - Statistics

General Stats
  • This quiz has been taken 14 times
  • The average score is 5 of 8
Answer Stats
Picture Answer % Correct
Ant-Man
100%
Invisible Woman
92%
Ms. Marvel
92%
Rogue
83%
Marrina
42%
Nightmask
42%
Reptil
42%
Alloy
33%
No matching quizzes found
Score Distribution
Percent of People with Each Score
Percentile by Number Answered
Your Score History
You have not taken this quiz